000 00631nam a2200229 a 4500
008
022 _a0706977580 (hbk.)
049 _aMAIN
090 _aTJ260
_bKUL
100 _aKulshrestha, S. K.
245 0 0 _aThermal engineering/
_cS. K. Kulshrestha.
260 _aNew Delhi :
_bVikas,
_c1994.
300 _axix, [various pagings] :
_bill. ;
_c25 cm.
500 _aIncludes index.
650 0 _aPower
_vMechanics.
650 0 _aHeat engineering.
907 _a.b10156318
_b29-10-13
_c02-03-05
003
005 20230123133937.0
040 _cNUST
942 _cBOOKS
_kTJ260
_mKUL
999 _c157326
_d157326